Statistiques concernant Culture Générale - Série 178

Cliquez ici pour prendre le quiz!

Statistiques générales

  • Ce quiz a été pris 229 fois
  • Le résultat moyen est 6 sur 10

Statistiques - réponses

QuestionRéponse% Correct
Combien y a-t-il d'ares dans un hectare ?100
97%
Selon Jean de La Fontaine, à quoi doit se rapporter le plumage du corbeau ?Son ramage
84%
Quel animal est Franklin, le héros de dessin animé pour enfants ?Une tortue
81%
Quelle est la langue officielle de l'Angola et du Mozambique ?Portugais
80%
Dans quel sport s'est illustrée Lindsay Davenport ?Tennis
66%
Sur quel royaume la dynastie des Plantagenêts régna-t-elle ?Angleterre
60%
Sur quelle commune se situe l'aéroport de Bordeaux ?Mérignac
49%
Dans quel sport le Français Brice Guyart a-t-il été champion olympique ?Escrime
31%
En 1966, qui chante le tube "It's a Man's Man's Man's World" ?James Brown
26%
En 2006, qui prête sa voix à Selenia dans "Arthur et les Minimoys" ?Mylène Farmer
14%

Distribution des résultats

Percentile par nombre de réponses

% des personnes avec chaque résultat

Votre développement - résultats

Vous n’avez pas pris ce quiz